Sports Quiz

Random Sports Quiz
Score 0/60 Timer 12:00
0 Plays Today
Team Player % Correct
CubsGreg Maddux
95.2%
BravesGreg Maddux
95.2%
BravesGreg Maddux
95.2%
BravesGreg Maddux
95.2%
DodgersSandy Koufax
90.5%
DodgersSandy Koufax
90.5%
DodgersSandy Koufax
90.5%
MetsTom Seaver
90.5%
PhilliesSteve Carlton
90.5%
Mets Tom Seaver
90.5%
MetsTom Seaver
90.5%
PhilliesSteve Carlton
90.5%
PhilliesSteve Carlton
90.5%
PhilliesSteve Carlton
90.5%
BravesTom Glavine
90.5%
BravesJohn Smoltz
90.5%
BravesTom Glavine
90.5%
D-BacksRandy Johnson
90.5%
D-BacksRandy Johnson
90.5%
D-BacksRandy Johnson
90.5%
D-BacksRandy Johnson
90.5%
AstrosRoger Clemens
90.5%
CardinalsChris Carpenter
90.5%
PadresJake Peavy
90.5%
DodgersClayton Kershaw
90.5%
DodgersClayton Kershaw
90.5%
DodgersClayton Kershaw
90.5%
NationalsMax Scherzer
90.5%
NationalsMax Scherzer
90.5%
MetsJacob deGrom
90.5%
Team Player % Correct
MetsJacob deGrom
90.5%
CardinalsBob Gibson
85.7%
CardinalsBob Gibson
85.7%
MetsDwight Gooden
85.7%
DodgersOrel Hershiser
85.7%
DodgersEric Gagne
85.7%
D-BacksBrandon Webb
85.7%
GiantsTim Lincecum
85.7%
Giants Tim Lincecum
85.7%
PhilliesRoy Halladay
85.7%
CubsJake Arrieta
85.7%
BravesWarren Spahn
81%
DodgersDon Drysdale
81%
AstrosMike Scott
81%
ExposPedro Martinez
81%
MetsR.A. Dickey
81%
CubsFerguson Jenkins
76.2%
CubsRick Sutcliffe
71.4%
PiratesDoug Drabek
71.4%
PhilliesSteve Bedrosian
66.7%
DodgersDon Newcombe
57.1%
PadresRandy Jones
57.1%
PadresGaylord Perry
57.1%
CubsBruce Sutter
52.4%
PadresMark Davis
52.4%
PiratesVern Law
42.9%
PhilliesJohn Denny
42.9%
GiantsMike McCormick
38.1%
DodgersMike Marshell
9.5%
DodgersFernando Valenzuale
4.8%
Remove Ads.
Support Sporcle.
Get the best of Sporcle when you Go Orange. This ad-free experience offers more features, more stats, and more fun while also helping to support Sporcle. Thank you for becoming a member.

You're not logged in!

Compare scores with friends on all Sporcle quizzes.
OR
Log In

Sporcle TV

Today on Sporcle TV


Watch our educational content, quiz creation guides, and fun videos on Sporcle TV.

Show Comments

Extras

Top Quizzes Today


Score Distribution

Paid Content

Your Account Isn't Verified!

In order to create a playlist on Sporcle, you need to verify the email address you used during registration. Go to your Sporcle Settings to finish the process.

Report this User

Report this user for behavior that violates our Community Guidelines.

Details: